000
00338 a2200169 4500
001
183449
020
_a
978-85-08-04075-9
040
_c
Magnum
100
_a
Azevedo, Aluísio
240
1
0
_a
O mulato
_l
por
245
1
0
_a
O mulato
300
_a
247
362
0
_a
2008
440
1
_a
Ática
697
_a
LITERATURA GERAL
942
_c
BK
999
_c
183449
_d
183449